[Event "Gijon RGCC op 7th"]
[Site "Gijon"]
[Date "2023.08.10"]
[Round "8"]
[White "Lobo Rodriguez, Jesus Angel"]
[Black "Gorostidi Alvarez, Miguel"]
[Result "1/2-1/2"]
[WhiteElo "2055"]
[BlackElo "1388"]
[PlyCount "103"]
[EventDate "2023.08.05"]
[EventType "swiss"]
[EventRounds "9"]
[EventCountry "ESP"]
[SourceTitle "EXT 2024"]
[Source "ChessBase"]
[SourceDate "2023.10.10"]
[SourceVersion "1"]
[SourceVersionDate "2023.10.10"]
[SourceQuality "1"]

1. d4 d5 2. c4 c6 3. cxd5 cxd5 4. Bf4 e6 5. e3 Bd6 6. Bxd6 Qxd6 7. Nc3 Nf6 8. f4 a6 9. Bd3 Nc6 10. Nf3 Bd7 11. 0-0 0-0 12. Ne5 Ne7 13. g4 g6 14. Qf3 h5 15. gxh5 Nxh5 16. Kh1 Nf5 17. Rg1 Kh7 18. Rg4 Be8 19. Rag1 Rg8 20. Qh3 Kh6 21. R4g2 Qe7 22. Nxd5 Qh4 23. Bxf5 Qxh3 24. Bxh3 exd5 25. Rc2 f6 26. Be6 fxe5 27. Bxg8 Ba4 28. b3 Rxg8 29. bxa4 exf4 30. exf4 Nxf4 31. Rb1 Re8 32. Rf2 Re4 33. Rd2 Kh5 34. Kg1 g5 35. Rxb7 Ne2+ 36. Kf2 Nxd4 37. Rb6 Rf4+ 38. Kg2 Nf5 39. Rd3 Nh4+ 40. Kh3 Rxa4 41. Rb2 Ng6 42. Kg3 Nh4 43. Rxd5 Rg4+ 44. Kh3 Nf3 45. Rd1 Ng1+ 46. Rxg1 Rxg1 47. Rg2 g4+ 48. Kg3 Rxg2+ 49. Kxg2 Kh4 50. a3 a5 51. a4 Kh5 52. Kf2 1/2-1/2